[Event "Barcelona Sant Marti op-B 21st"]
[Site "Barcelona"]
[Date "2019.07.18"]
[Round "6"]
[White "Subirana Santos, Marc"]
[Black "Menbrive Hernandez, Juan"]
[Result "1-0"]
[WhiteElo "1652"]
[BlackElo "1388"]
[PlyCount "61"]
[EventDate "2019.07.13"]
[EventType "swiss"]
[EventRounds "9"]
[EventCountry "ESP"]
[SourceTitle "EXT 2020"]
[Source "ChessBase"]
[SourceDate "2019.10.17"]
[SourceVersion "1"]
[SourceVersionDate "2019.10.17"]
[SourceQuality "1"]

1. b3 Nc6 2. Bb2 b6 3. e4 e5 4. Bb5 Bb7 5. d3 a6 6. Bxc6 Bxc6 7. Bxe5 Bc5 8. Nf3 f6 9. Bb2 Nh6 10. Nbd2 Qe7 11. Qe2 0-0-0 12. d4 Bd6 13. Qxa6+ Bb7 14. Qe2 g5 15. 0-0-0 Ba3 16. Rhe1 Nf7 17. Qb5 Bxb2+ 18. Kxb2 Bc6 19. Qc4 Nd6 20. Qd3 Nb5 21. d5 Qa3+ 22. Kb1 Kb7 23. dxc6+ dxc6 24. Qc4 Ra8 25. b4 Nc3+ 26. Ka1 Nxd1 27. Nb1 Nc3 28. Nxa3 Rxa3 29. Kb2 Rha8 30. Qxc3 Rxc3 31. Kxc3 1-0

[Event "Barcelona Sant Marti op 8th"]
[Site "Barcelona"]
[Date "2019.02.07"]
[Round "4"]
[White "Orts Gonzalez, Rafael"]
[Black "Menbrive Hernandez, Juan"]
[Result "0-1"]
[WhiteElo "1071"]
[BlackElo "1395"]
[PlyCount "42"]
[EventDate "2019.01.17"]
[EventType "swiss"]
[EventRounds "9"]
[EventCountry "ESP"]
[SourceTitle "CBM 189 Extra"]
[Source "ChessBase"]
[SourceDate "2019.05.31"]
[SourceVersion "1"]
[SourceVersionDate "2019.05.31"]
[SourceQuality "1"]

1. d4 d5 2. Bf4 Nc6 3. e3 Nf6 4. Be2 h6 5. Nd2 g5 6. Be5 Bf5 7. Bxf6 exf6 8. Bh5 Nb4 9. a3 Nxc2+ 10. Kf1 Nxa1 11. Qxa1 Qd7 12. f3 g4 13. fxg4 Bxg4 14. Bxg4 Qxg4 15. Qe1 Rg8 16. g3 Qf5+ 17. Ngf3 0-0-0 18. e4 dxe4 19. Qxe4 Qb5+ 20. Kg2 Re8 21. Qf4 Re2+ 0-1

[Event "Barcelona Sant Marti op 8th"]
[Site "Barcelona"]
[Date "2019.01.17"]
[Round "1"]
[White "Costa Trave, Jaume"]
[Black "Menbrive Hernandez, Juan"]
[Result "1-0"]
[WhiteElo "1853"]
[BlackElo "1395"]
[PlyCount "75"]
[EventDate "2019.01.17"]
[EventType "swiss"]
[EventRounds "9"]
[EventCountry "ESP"]
[SourceTitle "CBM 189 Extra"]
[Source "ChessBase"]
[SourceDate "2019.05.31"]
[SourceVersion "1"]
[SourceVersionDate "2019.05.31"]
[SourceQuality "1"]

1. f4 d5 2. Nf3 b6 3. c4 Nf6 4. cxd5 Nxd5 5. d3 e6 6. e4 Nf6 7. Nc3 Bc5 8. e5 Nd5 9. Ne4 Be7 10. Be2 c5 11. 0-0 0-0 12. Nfg5 Bb7 13. a3 Nc6 14. Nh3 f6 15. exf6 Nxf6 16. Neg5 Nd4 17. Be3 Nf5 18. Bf2 Nd5 19. Nxe6 Qd6 20. Nxf8 Rxf8 21. Bf3 Nfe3 22. Bxe3 Nxe3 23. Qb3+ c4 24. dxc4 Qc5 25. Bxb7 Nxc4+ 26. Kh1 Kh8 27. Rac1 b5 28. Qf3 Qb6 29. Qc6 Qd4 30. Qxb5 Nd6 31. Qd7 Qf6 32. Rfe1 Bd8 33. Bf3 Nf5 34. Re8 Be7 35. Re1 Bd6 36. R1e6 Qd4 37. Rxf8+ Bxf8 38. Qxd4 1-0

[Event "Barcelona Sant Marti op 7th"]
[Site "Barcelona"]
[Date "2018.02.15"]
[Round "6"]
[White "Menbrive Hernandez, Juan"]
[Black "Sottana, Matteo1"]
[Result "1-0"]
[WhiteElo "1333"]
[BlackElo "1749"]
[PlyCount "150"]
[EventDate "2018.01.11"]
[EventType "swiss"]
[EventRounds "9"]
[EventCountry "ESP"]
[SourceTitle "EXT 2019"]
[Source "ChessBase"]
[SourceDate "2018.10.10"]
[SourceVersion "1"]
[SourceVersionDate "2018.10.10"]
[SourceQuality "1"]

1. d4 Nf6 2. Nf3 g6 3. Nc3 d5 4. Bf4 Bg7 5. Be5 0-0 6. e3 Nbd7 7. Bd3 Nxe5 8. Nxe5 Nd7 9. f4 c5 10. Nxd5 Nxe5 11. Be4 Nc6 12. h4 cxd4 13. h5 dxe3 14. hxg6 Qa5+ 15. c3 fxg6 16. Qb3 e6 17. Nxe3 Rxf4 18. Bf3 Qe5 19. Kd2 Na5 20. Qc2 Qd6+ 21. Ke2 e5 22. Rad1 Qa6+ 23. Kd2 Bf5 24. Nxf5 gxf5 25. Kc1 Nc4 26. Qb3 Qb6 27. Bd5+ Kh8 28. Bxc4 Qxb3 29. Bxb3 b6 30. Rd7 Re8 31. Rhd1 Bh6 32. Kb1 Bg5 33. Rxa7 e4 34. Rdd7 Rf1+ 35. Bd1 Rh1 36. a4 e3 37. Kc2 f4 38. Bf3 Rh6 39. Kd1 Rhe6 40. Rxh7+ Kg8 41. Rag7+ Kf8 42. Rxg5 Rd8+ 43. Ke1 Rd2 44. Rh8+ Kf7 45. Bd5 Kf6 46. Rgh5 Rd6 47. R8h6+ Ke7 48. Re5+ Kd7 49. Rh7+ Kd8 50. Rg5 Kc8 51. Rg8+ Rd8 52. Rxd8+ Kxd8 53. b3 Rxd5 54. Rf7 Rd3 55. Rxf4 Rxc3 56. b4 Kc7 57. b5 Rb3 58. g4 Kd6 59. g5 Ke5 60. Rf3 Ke4 61. Rf8 Kd3 62. Rd8+ Ke4 63. Re8+ Kf3 64. Rf8+ Kg2 65. Ke2 Kh3 66. g6 Rb2+ 67. Kxe3 Rg2 68. Rf6 Kh4 69. Rxb6 Kh5 70. a5 Kh6 71. a6 Ra2 72. Kd4 Rc2 73. a7 Rc8 74. Ke5 Rd8 75. Rb7 Kxg6 1-0

[Event "Barcelona Sant Marti op 7th"]
[Site "Barcelona"]
[Date "2018.01.25"]
[Round "3"]
[White "Menbrive Hernandez, Juan"]
[Black "Romero Funieles, Rafael de Jesus"]
[Result "0-1"]
[WhiteElo "1333"]
[BlackElo "1758"]
[PlyCount "24"]
[EventDate "2018.01.11"]
[EventType "swiss"]
[EventRounds "9"]
[EventCountry "ESP"]
[SourceTitle "EXT 2019"]
[Source "ChessBase"]
[SourceDate "2018.10.10"]
[SourceVersion "1"]
[SourceVersionDate "2018.10.10"]
[SourceQuality "1"]

1. d4 b6 2. e4 Bb7 3. Bd3 e6 4. e5 Bxg2 5. Qg4 Bxh1 6. f3 h5 7. Qe4 c6 8. Nc3 Be7 9. Bf4 Bh4+ 10. Bg3 Bxg3+ 11. hxg3 Qg5 12. Nge2 h4 0-1

[Event "Barcelona Sant Marti op 7th"]
[Site "Barcelona"]
[Date "2018.01.18"]
[Round "2"]
[White "Marques Soriano, Valentin"]
[Black "Menbrive Hernandez, Juan"]
[Result "1-0"]
[WhiteElo "1718"]
[BlackElo "1333"]
[PlyCount "78"]
[EventDate "2018.01.11"]
[EventType "swiss"]
[EventRounds "9"]
[EventCountry "ESP"]
[SourceTitle "EXT 2019"]
[Source "ChessBase"]
[SourceDate "2018.10.10"]
[SourceVersion "1"]
[SourceVersionDate "2018.10.10"]
[SourceQuality "1"]

1. e4 e5 2. Nf3 Nc6 3. Bb5 Bc5 4. c3 Nf6 5. d3 h6 6. h3 a6 7. Ba4 b5 8. Bb3 Bb7 9. Nbd2 b4 10. Nf1 d5 11. exd5 Nxd5 12. Ng3 bxc3 13. Bxd5 Qxd5 14. bxc3 0-0-0 15. 0-0 g5 16. Ne1 Qd6 17. Rb1 Rhf8 18. Ne4 Qe7 19. Nxc5 Qxc5 20. Qb3 Na5 21. Qa4 Bc6 22. Qg4+ Bd7 23. Qf3 Bc6 24. Qf5+ Rd7 25. Be3 Qe7 26. d4 f6 27. Nd3 Nc4 28. Nc5 Nd6 29. Qc2 Nb7 30. Qb2 Bb5 31. Nxd7 Qxd7 32. c4 Bc6 33. d5 Bxd5 34. cxd5 Qxd5 35. Rfd1 Qc6 36. Rbc1 Qb5 37. Qc2 Rf7 38. Qf5+ Kb8 39. Rb1 Qa4 1-0

[Event "Barcelona Sant Marti op 6th"]
[Site "Barcelona"]
[Date "2017.03.02"]
[Round "8"]
[White "Gomez Fernandez, Miquel"]
[Black "Menbrive Hernandez, Juan"]
[Result "1-0"]
[WhiteElo "1559"]
[BlackElo "1376"]
[PlyCount "85"]
[EventDate "2017.01.12"]
[EventType "swiss"]
[EventRounds "9"]
[EventCountry "ESP"]
[SourceTitle "EXT 2018"]
[Source "ChessBase"]
[SourceDate "2017.10.13"]
[SourceVersion "1"]
[SourceVersionDate "2017.10.13"]
[SourceQuality "1"]

1. d4 e6 2. e4 b6 3. c4 Bb7 4. Nc3 Be7 5. Nf3 Bb4 6. Bd3 h6 7. Bd2 d6 8. a3 Bxc3 9. Bxc3 g5 10. 0-0 g4 11. Ne1 h5 12. d5 e5 13. f4 Nd7 14. Nc2 Ndf6 15. fxe5 dxe5 16. Bxe5 Qe7 17. Rf5 Bc8 18. Rg5 Rh7 19. Bf4 h4 20. Re5 Be6 21. dxe6 fxe6 22. Nd4 Qd7 23. Rxe6+ Kf7 24. Be3 c5 25. Rxf6+ Nxf6 26. Nf5 Qe6 27. Bc2 Kf8 28. Qd6+ Qxd6 29. Nxd6 Rd7 30. e5 Nh5 31. Rf1+ Kg8 32. Bf5 Re7 33. e6 g3 34. Bg5 gxh2+ 35. Kxh2 Rg7 36. Bxh4 Kh8 37. g4 Rag8 38. Nf7+ Rxf7 39. exf7 Rf8 40. gxh5 Rxf7 41. Bg5 Rg7 42. Bg6 Rd7 43. Bf6+ 1-0

[Event "Barcelona Sant Marti op 6th"]
[Site "Barcelona"]
[Date "2017.02.16"]
[Round "6"]
[White "Orts Gonzalez, Rafael"]
[Black "Menbrive Hernandez, Juan"]
[Result "0-1"]
[WhiteElo "1127"]
[BlackElo "1376"]
[PlyCount "84"]
[EventDate "2017.01.12"]
[EventType "swiss"]
[EventRounds "9"]
[EventCountry "ESP"]
[SourceTitle "EXT 2018"]
[Source "ChessBase"]
[SourceDate "2017.10.13"]
[SourceVersion "1"]
[SourceVersionDate "2017.10.13"]
[SourceQuality "1"]

1. c4 e5 2. Qa4 Bc5 3. Nf3 Nc6 4. a3 Nf6 5. b4 Be7 6. d3 e4 7. dxe4 Nxe4 8. Be3 Bf6 9. Ra2 d5 10. Nbd2 Nc3 11. Qc2 Nxa2 12. Qxa2 Be6 13. b5 Na5 14. Bd4 dxc4 15. Bxf6 Qxf6 16. Ne4 Qf4 17. Qb1 Bf5 18. Nfd2 0-0-0 19. e3 Qe5 20. b6 cxb6 21. Bxc4 Nxc4 22. Nxc4 Qxe4 23. Qc1 Kb8 24. 0-0 Qc2 25. Ne5 Qxc1 26. Rxc1 Rc8 27. Rd1 Be6 28. h4 f6 29. Nf3 Bg4 30. Rd4 Bxf3 31. gxf3 Rc5 32. f4 Kc7 33. e4 Rh5 34. Rc4+ Kd6 35. Rd4+ Kc5 36. Rd7 Rxh4 37. Rxg7 Rxf4 38. Rxb7 h5 39. Rc7+ Kd4 40. Rd7+ Kxe4 41. Re7+ Kf3 42. Rg7 Rg4+ 0-1

[Event "Barcelona Sant Marti op 6th"]
[Site "Barcelona"]
[Date "2017.01.19"]
[Round "2"]
[White "Salazar Navas, Josep"]
[Black "Menbrive Hernandez, Juan"]
[Result "1-0"]
[WhiteElo "1730"]
[BlackElo "1376"]
[PlyCount "113"]
[EventDate "2017.01.12"]
[EventType "swiss"]
[EventRounds "9"]
[EventCountry "ESP"]
[SourceTitle "EXT 2018"]
[Source "ChessBase"]
[SourceDate "2017.10.13"]
[SourceVersion "1"]
[SourceVersionDate "2017.10.13"]
[SourceQuality "1"]

1. e4 e5 2. d4 d6 3. Bc4 Nf6 4. Nc3 Bd7 5. dxe5 dxe5 6. Bg5 h6 7. Bh4 g5 8. Bg3 Nc6 9. Nf3 Bd6 10. Qe2 Na5 11. Bb5 a6 12. Bxd7+ Qxd7 13. Nxe5 Qe6 14. Nf3 0-0-0 15. e5 g4 16. Nd4 Qd7 17. 0-0-0 Rhe8 18. Qd2 Bxe5 19. Bxe5 Rxe5 20. Qxh6 Qe7 21. Qf4 Kb8 22. Nf5 Rxd1+ 23. Rxd1 Qc5 24. Ne3 Qe7 25. Nxg4 Nxg4 26. Qxg4 Rg5 27. Qf3 Qe6 28. h3 Qh6 29. Qe3 b6 30. Rd8+ Kb7 31. Rg8 f6 32. Rxg5 fxg5 33. Ne4 Nc4 34. Qxg5 Qe6 35. Qg4 Qd5 36. Qe2 Qb5 37. b3 Na3 38. Qxb5 Nxb5 39. c3 c5 40. h4 Nc7 41. h5 Ne6 42. h6 Nf8 43. g4 Kc7 44. g5 Kd7 45. f4 Ke6 46. Nf6 Ng6 47. Nh5 Kf5 48. Kd2 Kg4 49. Ng7 Kxf4 50. Ne6+ Kf5 51. Nc7 a5 52. Nd5 b5 53. Ke3 Ke5 54. c4 b4 55. h7 Kf5 56. Ne7+ Nxe7 57. h8Q 1-0

[Event "Barcelona Sant Marti op-B 5th"]
[Site "Barcelona"]
[Date "2016.02.04"]
[Round "4"]
[White "Ferrer Ache, Jesus"]
[Black "Menbrive Hernandez, Juan"]
[Result "1-0"]
[WhiteElo "1538"]
[BlackElo "1673"]
[PlyCount "49"]
[EventDate "2016.01.14"]
[EventType "swiss"]
[EventRounds "9"]
[EventCountry "ESP"]
[SourceTitle "EXT 2017"]
[Source "ChessBase"]
[SourceDate "2016.10.25"]
[SourceVersion "1"]
[SourceVersionDate "2016.10.25"]
[SourceQuality "1"]

1. c4 e5 2. e4 Nc6 3. Nc3 d6 4. Nf3 g6 5. d3 Be7 6. Be2 Nf6 7. 0-0 h6 8. h3 Be6 9. Kh2 Qd7 10. Nd5 g5 11. Ng1 g4 12. Nxf6+ Bxf6 13. Bxg4 Rg8 14. f3 h5 15. Bxe6 Qxe6 16. Be3 Qe7 17. Bf2 Bh4 18. Qe2 f6 19. Bxh4 Qg7 20. f4 0-0-0 21. fxe5 Nxe5 22. Bxf6 Qg3+ 23. Kh1 Nxd3 24. Bxd8 Nf2+ 25. Qxf2 1-0